| 000 | 00324nam a2200121Ia 4500 | ||
|---|---|---|---|
| 005 | 20260328101511.0 | ||
| 008 | 260328s9999||||xx |||||||||||||| ||und|| | ||
| 100 | _aPeguy, Charles | ||
| 245 | 0 |
_aLe Corbusier : _b Forces vives / _cCharles Peguy |
|
| 260 | _bLes Presses d' Ile de France | ||
| 650 | _aCorbusier, Le | ||
| 942 | _cBK | ||
| 999 |
_c9191 _d9191 |
||